Żużlowcy na każdą literę alfabetu - Statystyki

Ogólne statystyki
  • Ten quiz został rozwiązany 106 razy
    105 od ostatniego zresetowania
  • Średni wynik to 13 z 23
Statystyki odpowiedzi
Hint Odpowiedź % Poprawnych
Z Bartosz Zmarzlik, Grzegorz Zengota, Matej Zagar
95%
K Dominik Kubera, Brady Kurtz, Bartłomiej Kowalski, Jan Kvech, Franciszek Karczewski, Marcel Kowolik, Antoni Kawczyński, Janusz Kołodziej, Norbert Krakowiak, Radosław Kowalski
84%
H Jack Holder, Chris Holder, Jarosław Hampel, Mads Hansen, Oskar Hurysz, Kai Huckenbeck, Jan Heleniak
84%
M Mikkel Michelsen, Kevin Małkiewicz, Leon Madsen, Jakub Miśkowiak, Tobiasz Musielak, Tobiasz Jakub Musielak, Antoni Mencel, Vaclav Milik, Kacper Mania, Franciszek Majewski
84%
P Wiktor Przyjemski, Piotr Pawlicki, Przemysław Pawlicki, Nicki Pedersen, Oskar Paluch, Kacper Pludra, Paweł Przedpełski, Nazar Parnitskyi, Joshua Pickering
84%
D Patryk Dudek, Jason Doyle, Maksym Drabik, Ryan Douglas
83%
L Artem Laguta, Fredrik Lindgren, Robert Lambert, Jaimon Lidsey, Andrzejs Lebedevs, Wiktor Lampart, Krzysztof Lewandowski, Szymon Ludwiczak, Timo Lathi, Oleksander Loktayev, Andreas Lyager, Marko Levishyn
80%
J Michael Jepsen Jensen, Maciej Janowski, Rasmus Jensen, Hubert Jabłoński, Fredrik Jakobsen, Jakub Jamróg
79%
B Bartosz Bańbor, Dan Bewley, Maksym Borowiak, Luke Becker, Kenneth Bjerre, Krzysztof Buczkowski, Tomasz Brennan, Oliver Berntzon, Dimitri Berge, David Bellego, Norick Bloedorn, Olivier Buszkiewicz, Szymon Bańdur
75%
T Rohan Tungate, Anders Thomsen, Vadim Tarasenko, Paweł Trześniewski, Jacob Thorssell, Kacper Teska
72%
S Emil Sajfutdinow, Bartosz Smektała, Paweł Sitek, Filip Seniuk, Mateusz Szczepaniak, Sebastian Szostak
68%
W Kacper Woryna, Szymon Woźniak, Patryk Wojdyło
64%
V Martin Vaculik
58%
C Robert Chmiel, Mateusz Cierniak, Gleb Chugunov
57%
F Max Fricke, Oskar Fajfer
54%
A Mikkel Andersen, Kacper Andrzejewski
46%
Ł Kacper Łobodziński
45%
N Marcin Nowak, Matias Nielsen, Bartosz Nowak
36%
Ś Piotr Świercz
26%
R Damian Ratajczan, Keynan Rew, Wiktor Rafalski
22%
G Francis Gusts,
18%
O Seweryn Orgacki
18%
E William Echardt Drejer
7%
Nie znaleziono quizów pasujących do podanych kryteriów
Rozkład punktacji
Procent ludzi z każdym wynikiem
Percentyl według liczby udzielonych odpowiedzi
Twoja historia wyników
Nie rozwiązałeś tego quizu od ostatniego zresetowania